Six sigma financial tracking and reporting (Бичлэгийн дугаар. 145598)
| 000 -УДИРДЛАГА | |
|---|---|
| Удирдлага | 00941nam a22003017a 4500 |
| 003 - ХЯНАЛТЫН ТОО ТОДОРХОЙЛОГЧ | |
| Код | MN-UlNUM |
| 005 - БИЧИЛТ ХИЙСЭН ОГНОО | |
| Тухайн бичилтийг бичсэн засварласан сүүлийн огноо | 20251114111025.0 |
| 008 - ЕРӨНХИЙ МЭДЭЭЛЭЛ | |
| Ерөнхий мэдээлэл | 251114s2006 nyuab||| |||| 001 0 eng | |
| 020 ## - ISBN | |
| ISBN | 0071458913 |
| 040 ## - БИЧЛЭГ ҮҮСГЭГЧ БАЙГУУЛЛАГА | |
| Бичлэг үүсгэгч номын сангийн код | МУИС-ийн номын сан |
| 084 ## - ББК АНГИЛАЛ | |
| Нэмэлт тусгалт | Нэг сэдэвт бүтээл |
| ББК ангилал | 65.290-2 |
| Зохиогчийн гурван тэмдэгт | B 85 |
| Мэдлэгийн ялгаа | 65 - Эдийн засаг |
| 100 1# - ЗОХИОГЧ | |
| Зохиогчийн нэр | Bremer, Michael, |
| Зохиогчийн огноо | 1948- |
| 245 10 - ҮНДСЭН ГАРЧИГ | |
| Номын нэр | Six sigma financial tracking and reporting |
| Оролцогчдын тухай мэдээ | Michael Bremer, Brian McKibben, Thomas McCarty. |
| 260 ## - ГАРАЛТЫН МЭДЭЭ | |
| Хэвлэгдсэн газар | New York : |
| Хэвлэлийн газар | McGraw-Hill, |
| Хэвлэгдсэн он | 2006. |
| 300 ## - МАТЕРИАЛЫН ТОДОРХОЙЛОЛТ | |
| хуудасны тоо | xii, 460 p. : |
| Бусад тоон мэдээлэл | ill. ; |
| Хэмжээ | 24 cm. |
| 500 ## - Тайлбар | |
| Дансны дугаар | БС 2108 |
| 546 ## - ХЭЛНИЙ ТУХАЙ МЭДЭЭ | |
| Хэл | Англи хэл дээр, |
| 653 ## - Түлхүүр үг | |
| Түлхүүр үг | organizational effectiveness. |
| 653 ## - Түлхүүр үг | |
| Түлхүүр үг | six sigma (Quality control standard |
| 700 1# - ХАМ ЗОХИОГЧИД | |
| Ба бус | McKibben, Brian. |
| 700 1# - ХАМ ЗОХИОГЧИД | |
| Ба бус | McCarty, Tom. |
| 740 ## - НОМЫН ГАРЧИГ | |
| Гарчиг | Introduction |
| 740 ## - НОМЫН ГАРЧИГ | |
| Гарчиг | Financial Bridge P&L Model |
| 740 ## - НОМЫН ГАРЧИГ | |
| Гарчиг | Define -- Defining What is Important |
| 740 ## - НОМЫН ГАРЧИГ | |
| Гарчиг | Measure -- Developing and Tracking Bridge Metrics |
| 942 ## - ЭЛЕМЕНТИЙН ТӨРӨЛ | |
| Зүйлийн төрөл | Ном |
